000
00351nam a22001217a 4500
999
_c
13615
_d
13615
082
_a
954
_b
ع رف
100
_a
ایس- ایم- عرفان
245
_a
پاکستان دوراہے پر
260
_a
کراچی
_b
فرید پبلشرز
_c
٢٠١٢
300
_a
٢٨٥ صفحات
650
_a
Pakistan, Politics, Pakistan Dorahe par
942
_c
BK